<?xml version="1.0" encoding="UTF-8"?>
<collection xmlns="http://www.loc.gov/MARC21/slim">
 <record>
  <leader>01179nam a22001937a 4500</leader>
  <controlfield tag="001">NCT_80218</controlfield>
  <controlfield tag="008">200609b        xxu||||| |||| 00| 0 vie d</controlfield>
  <datafield tag="999" ind1=" " ind2=" ">
   <subfield code="c">3934</subfield>
   <subfield code="d">3934</subfield>
  </datafield>
  <datafield tag="020" ind1=" " ind2=" ">
   <subfield code="a">9786049563683</subfield>
   <subfield code="c">145000</subfield>
  </datafield>
  <datafield tag="082" ind1="0" ind2="4">
   <subfield code="2">23rd ed.</subfield>
   <subfield code="a">306.09597</subfield>
   <subfield code="b">D124</subfield>
  </datafield>
  <datafield tag="100" ind1="1" ind2=" ">
   <subfield code="a">Phan Hữu Dật</subfield>
  </datafield>
  <datafield tag="245" ind1="1" ind2="0">
   <subfield code="a">Mấy tiếp cận về văn hóa Việt Nam</subfield>
   <subfield code="c">Phan Hữu Dật</subfield>
  </datafield>
  <datafield tag="260" ind1=" " ind2=" ">
   <subfield code="a">H.</subfield>
   <subfield code="b">Khoa học xã hội</subfield>
   <subfield code="c">2018</subfield>
  </datafield>
  <datafield tag="300" ind1=" " ind2=" ">
   <subfield code="a">296 tr.</subfield>
   <subfield code="c">24cm</subfield>
  </datafield>
  <datafield tag="520" ind1="3" ind2=" ">
   <subfield code="a">Nội dung sách được tác giả giới thiệu về văn hóa con người và dân tộc. Sự khẳng định lại một số vấn đề văn hóa, có những vấn đề tác giả chỉnh lý, bổ sung, mở rộng, nâng cao, vấn đề tác giả loại trừ vì thấy nó không còn thích hợp với cuộc sống hôm nay,....</subfield>
  </datafield>
  <datafield tag="653" ind1=" " ind2=" ">
   <subfield code="a">Quản trị DV Du lịch và Lữ hành</subfield>
  </datafield>
  <datafield tag="942" ind1=" " ind2=" ">
   <subfield code="2">ddc</subfield>
   <subfield code="c">BK</subfield>
  </datafield>
  <datafield tag="952" ind1=" " ind2=" ">
   <subfield code="0">0</subfield>
   <subfield code="1">0</subfield>
   <subfield code="2">ddc</subfield>
   <subfield code="4">0</subfield>
   <subfield code="6">306_095970000000000_D124</subfield>
   <subfield code="7">0</subfield>
   <subfield code="9">19660</subfield>
   <subfield code="a">000001</subfield>
   <subfield code="b">000001</subfield>
   <subfield code="d">2020-06-09</subfield>
   <subfield code="o">306.09597 D124</subfield>
   <subfield code="p">MD.17344</subfield>
   <subfield code="r">2020-06-09</subfield>
   <subfield code="v">145000.00</subfield>
   <subfield code="w">2020-06-09</subfield>
   <subfield code="y">BK</subfield>
  </datafield>
  <datafield tag="980" ind1=" " ind2=" ">
   <subfield code="a">Thư viện Trường Đại học Nam Cần Thơ</subfield>
  </datafield>
 </record>
</collection>
